banner koha

Ocorrencia do complexo Carpophilus humeralis (Fabricius)- Ceratocystis, paradoxa (De Seynes)Moreau em cana-de-acucar no Estado de Sao Paulo (Registro n. 122149)

MARC details
000 -LÍDER
campo de controle de tamanho fixo 01073nas a2200313 4500
001 - NÚMERO DE CONTROLE
campo de controle BR8711927
003 - IDENTIFICADOR DO NÚMERO DE CONTROLE
campo de controle BR-BrBNA
005 - DATA E HORÁRIO DA ÚLTIMA TRANSAÇÃO
campo de controle 20231205091012.0
007 - CAMPO FIXO DE DESCRIÇÃO FÍSICA--INFORMAÇÃO GERAL
campo de controle de tamanho fixo ta
008 - CAMPO DE DADOS FIXOS--INFORMAÇÃO GERAL
campo de controle de tamanho fixo 230509b bl.|||p| |||| 00| 00por d
040 ## - FONTE DA CATALOGAÇÃO
Instituição da catalogação original BR-BrBNA
Idioma da catalogação por
Instituição que transcreveu o registro Biblioteca Nacional de Agricultura
041 ## - CÓDIGO DE IDIOMA
Código do idioma do texto/trilha sonora ou título diferente (Pt)
072 ## - CÓDIGO DE CATEGORIA DE ASSUNTO
Código de Categoria de Assunto H20; H10
100 1# - ENTRADA PRINCIPAL--NOME PESSOAL
Nome pessoal Rossetto, C.J.
100 1# - ENTRADA PRINCIPAL--NOME PESSOAL
Nome pessoal Lourencao, A.L.
100 1# - ENTRADA PRINCIPAL--NOME PESSOAL
Nome pessoal Espironelo, A.
100 1# - ENTRADA PRINCIPAL--NOME PESSOAL
Nome pessoal Igue, T.
100 1# - ENTRADA PRINCIPAL--NOME PESSOAL
Nome pessoal Ribeiro, I.J.A.
245 1# - TÍTULO
Título Ocorrencia do complexo Carpophilus humeralis (Fabricius)- Ceratocystis, paradoxa (De Seynes)Moreau em cana-de-acucar no Estado de Sao Paulo
246 1# - FORMA VARIANTE DO TÍTULO
Título/título abreviado Occurrence of the complex Carpophilus humeralis (Fabricius)- Ceratocystis paradoxa (De Seynes)Moreau in sugar cane in the state of Sao Paulo, Brazil
650 ## - ASSUNTO--TERMO TÓPICO
Cabeçalho tópico ou nome geográfico CANA DE ACUCAR
650 ## - ASSUNTO--TERMO TÓPICO
Cabeçalho tópico ou nome geográfico PODRIDAO
650 ## - ASSUNTO--TERMO TÓPICO
Cabeçalho tópico ou nome geográfico BESOURO
650 ## - ASSUNTO--TERMO TÓPICO
Cabeçalho tópico ou nome geográfico VETOR
650 ## - ASSUNTO--TERMO TÓPICO
Cabeçalho tópico ou nome geográfico SAO PAULO
773 0# - ENTRADA ANALÍTICA
Título Bragantia (Brazil)
ISSN - International Standard Serial Number ISSN 0006-8705
Partes relacionadas (1986), v. 45(1) p. 171-178
Número de controle do registro BR8711927
909 ## -
-- 202311
-- Lúcia
-- 55
-- Lúcia Elande
942 ## - ELEMENTOS DE ENTRADA ADICIONADOS (KOHA)
Fonte da classificação ou esquema de arquivamento na estante Classificação AGRIS
Ocultar no OPAC Não
Tipo de material Koha Analítica
Exemplares
Situação do descarte Fonte da classificação ou esquema de arquivamento na estante Situação física Não pode ser emprestado Biblioteca de origem Biblioteca atual Localização na estante Enumeração do periódico / cronologia Total de empréstimos Data de último acesso Número do exemplar Tipo de material Koha Fonte de aquisição
  Classificação AGRIS   Consulta local Biblioteca Nacional de Agricultura - Binagri Biblioteca Nacional de Agricultura - Binagri   (1986), v. 45(1) p. 171-178   29/11/2023 01 Periódicos Portaria Interministerial nº 164/94

BINAGRI

Telefone: (61)3218-2567/2388/3357/2097 - binagri@agro.gov.br

Ministério da Agricultura e Pecuária , Esplanada dos Ministérios, Bloco D, Anexo B, Brasília/DF, CEP: 70.043-900